000 00299nam a22001337a 4500
008 171013b xxu||||| |||| 00| 0 eng d
020 _a9780205651245
041 _aeng
080 _a316
100 _a51
101 _asoc
245 _aDISCOVERING THE LIFE SPAN
_cFELDMAN.R.S
942 _2udc
_cBK
999 _c33779
_d33779